| 000 | 00781nam a22002297a 4500 | ||
|---|---|---|---|
| 003 | OSt | ||
| 005 | 20251121163322.0 | ||
| 008 | 251121b |||||||| |||| 00| 0 eng d | ||
| 020 | _a9789552401008 | ||
| 040 | _cDCL | ||
| 082 | _a294.34435 | ||
| 100 | 1 | _aNyanaponika, Thera | |
| 245 |
_aSatipaṭṭhāna: _bthe heart of Buddhist meditation: a handbook of mental training based on the Buddha's way of mindfulness / _cNyanaponika Thera. |
||
| 260 |
_aKandy : _bBuddhist Publication Society, _c2005. |
||
| 300 |
_a225 pages ; _c22 cm. |
||
| 504 | _aIncludes bibliographical references and index | ||
| 650 | _aSatipaṭṭhāna (Buddhism) | ||
| 650 | _aMindfulness | ||
| 650 |
_aMeditation _xBuddhism |
||
| 650 |
_aBuddhism _vDoctrines |
||
| 942 |
_2ddc _cSHORT TERM _n0 |
||
| 999 |
_c2590 _d2590 |
||